Statistics for 2023年中国百万人口城市

Click here to take the quiz!

General Stats

  • This quiz has been taken 444 times
  • The average score is 91 of 132

Answers on the Map

Answers color-coded by a green-red scale on the quiz's map according to % correct below.
 

Answer Stats

人口(万)城市% Correct
2,090北京
98%
4,000上海 / 常熟 / 常州 / 苏州 / 无锡
98%
6,780广州 / 东莞 / 佛山 / 惠州 /
江门 / 深圳 / 中山
97%
1,140天津
96%
855沈阳 / 抚顺
95%
1,660成都
95%
472.5乌鲁木齐
95%
540哈尔滨
95%
1,050重庆
95%
490长春
93%
515大连
93%
725青岛
93%
257.5海口
93%
1,450厦门 / 晋江 / 泉州 / 莆田
93%
1,340杭州 / 绍兴
93%
1,230西安 / 咸阳
93%
905南京 / 马鞍山
92%
625昆明
92%
1,180武汉
92%
455福州
91%
635济南
91%
600石家庄
91%
1,050长沙 / 湘潭 / 株洲
91%
730香港
90%
945郑州
90%
485贵阳
89%
575太原
89%
510南宁
89%
262.5呼和浩特
88%
480南昌
87%
710宁波 / 慈溪 / 余姚
87%
750合肥
87%
340兰州
87%
161吉林
87%
800汕头 / 潮州 / 揭阳 / 普宁
85%
245烟台
84%
230银川
84%
143威海
84%
345洛阳
83%
163秦皇岛
81%
103齐齐哈尔
81%
510温州 / 瑞安
81%
111连云港
80%
215包头
80%
170桂林
80%
300徐州
80%
265唐山
78%
325南通
76%
127开封
75%
179湛江
75%
210西宁
75%
140张家口
74%
245珠海
74%
380淄博
74%
207.5保定
74%
183大庆
73%
102北海
72%
220扬州
72%
252.5台州
72%
141盐城
71%
307.5潍坊
71%
168绵阳
71%
190大同
70%
235柳州
70%
122锦州
69%
275邯郸
69%
121日照
68%
119德州
68%
117宝鸡
68%
148金华
68%
155南阳
67%
235鞍山 / 辽阳
67%
430临沂
67%
207.5嘉兴
67%
163湖州
66%
186遵义
66%
116宿迁
65%
198赣州
65%
142泰州
65%
173芜湖
64%
117镇江
64%
187淮安
64%
114赤峰
63%
102葫芦岛
63%
101东营
63%
102九江
62%
179济宁
62%
188蚌埠
62%
179枣庄
61%
186安阳
61%
149泰安
60%
101盘锦
60%
144菏泽
59%
252.5新乡
59%
159邢台
58%
175襄阳
58%
138茂名
58%
117岳阳
58%
198平顶山
57%
113信阳
57%
121宜宾
57%
134宜昌
55%
160商丘
55%
110肇庆
54%
186淮南
53%
113聊城
52%
101周口
52%
132许昌
52%
117常德
51%
130淮北
51%
122衡阳
50%
124泸州
50%
127清远
50%
157焦作
50%
101十堰
49%
147上饶
49%
247.5义乌
48%
131阜阳
47%
126达州
47%
160濮阳
46%
119六安
46%
135南充
45%
302.5江阴 / 张家港
45%
107曲靖
43%
113鄂州
42%
103邵阳
40%
151玉林
39%
120长治
37%
113万州
33%
171苍南
14%
102永康
14%
105沭阳
10%

Score Distribution

Percentile by Number Answered

Percent of People with Each Score

Your Score History

You have not taken this quiz